PHARMACEUTICAL CHEMISTRY- I (Record no. 5956)

MARC details
000 -LEADER
fixed length control field 00402nam a22001577a 4500
005 - DATE AND TIME OF LATEST TRANSACTION
control field 20240109150528.0
008 - FIXED-LENGTH DATA ELEMENTS--GENERAL INFORMATION
fixed length control field 190606b xxu||||| |||| 00| 0 eng d
020 ## - INTERNATIONAL STANDARD BOOK NUMBER
ISBN 978-81-85-790-12-1
041 ## - LANGUAGE CODE
Language code of text/sound track or separate title eng
100 ## - MAIN ENTRY--AUTHOR NAME
Personal name KASTURE,DR. A.V AND WADODKAR ,DR. S. G.
245 ## - TITLE STATEMENT
Title PHARMACEUTICAL CHEMISTRY- I
250 ## - EDITION STATEMENT
Edition statement 7th ed. 2019
260 ## - PUBLICATION, DISTRIBUTION, ETC. (IMPRINT)
Place of publication PUNE
Name of publisher NIRALI PRAKASHAN
300 ## - PHYSICAL DESCRIPTION
Number of Pages B. 1 p.
942 ## - ADDED ENTRY ELEMENTS (KOHA)
Koha item type Books
Holdings
Lost status Damaged status Collection code Home library Current library Shelving location Date acquired Source of acquisition Cost, normal purchase price Accession Number Koha item type
    Reference JRU Library JRU Library SHELF-5-B 06/06/2019 PURCHESS 170.00 23026 Books
    PHARMACY JRU Library JRU Library SHELF-18-D 06/06/2019 PURCHESS 170.00 23027 Books
    PHARMACY JRU Library JRU Library SHELF-18-D 06/06/2019 PURCHESS 170.00 23028 Books